000 00645nam a2200217Ii 4500
003 JO-AjNU
008 230606s9999||||xx |||||||||||||| ||und||
020 _a81-8342-077-X
040 _aJO-AjNU
_beng
_erda
_cJO-AjNU
041 _aeng
050 1 4 _aLB1027.5 2008
100 3 _aChaturvedi,Ramesh,
_eauthor
_9371
245 0 0 _aGuidance and Counselling For Schools Students
250 _a1 ed
264 3 1 _aNew Delhi:Crescent Publishing Corporation,2008
300 _a272P
336 _atext
_btxt
_2rdacontent
337 _aunmediated
_bn
_2rdamedia
338 _avolume
_bnc
_2rdacarrier
650 4 _aEducational counseling-Great Britain
_9372
999 _aE197
_c197
_d197